ბათუმის შოთა რუსთაველის სახელმწიფო უნივერსიტეტის ბიბლიოთეკა

მეთოდური მითითებანი ბუნების დაცვაში. (ბიბ.ჩანაწერი № 35452)

000 -LEADER
fixed length control field 00731nam a2200217Ia 4500
001 - CONTROL NUMBER
control field 1310
003 - CONTROL NUMBER IDENTIFIER
control field GE_BSU
008 - FIXED-LENGTH DATA ELEMENTS--GENERAL INFORMATION
fixed length control field 181216s||||||||xx |||||||||||||| ||und||
040 ## - CATALOGING SOURCE
Transcribing agency GE_BSU
080 ## - UNIVERSAL DECIMAL CLASSIFICATION NUMBER
Universal Decimal Classification number 502(072)
100 ## - MAIN ENTRY--PERSONAL NAME
Personal name გულისაშვილი, ვ.
245 ## - TITLE STATEMENT
Title მეთოდური მითითებანი ბუნების დაცვაში.
260 ## - PUBLICATION, DISTRIBUTION, ETC.
Place of publication, distribution, etc. თბილისი
260 ## - PUBLICATION, DISTRIBUTION, ETC.
Name of publisher, distributor, etc. თბილისის უნ-ტი
260 ## - PUBLICATION, DISTRIBUTION, ETC.
Date of publication, distribution, etc. 1983
300 ## - PHYSICAL DESCRIPTION
Extent 120 გვ. 19 სმ.
653 ## - INDEX TERM--UNCONTROLLED
Uncontrolled term ბუნების დაცვა
653 ## - INDEX TERM--UNCONTROLLED
Uncontrolled term მეთოდური მითითებანი ბუნების დაცვაში.
942 ## - ADDED ENTRY ELEMENTS (KOHA)
Koha item type წიგნი
ეგზემპლარები
Withdrawn status Lost status Damaged status Not for loan Date acquired Barcode Date last seen Price effective from Koha item type
        2018-12-17 2732 2018-12-17 2018-12-17 წიგნი